UM Logo

Introducing intercultural communication : (Record no. 5599)

MARC details
000 -LEADER
fixed length control field 01108cam a2200313 i 4500
001 - CONTROL NUMBER
control field 18125324
005 - DATE AND TIME OF LATEST TRANSACTION
control field 20161112135639.0
008 - FIXED-LENGTH DATA ELEMENTS--GENERAL INFORMATION
fixed length control field 140423s2015 enka b 001 0 eng
010 ## - LIBRARY OF CONGRESS CONTROL NUMBER
LC control number 2014939151
020 ## - INTERNATIONAL STANDARD BOOK NUMBER
International Standard Book Number 9781446285909 (hbk.)
020 ## - INTERNATIONAL STANDARD BOOK NUMBER
International Standard Book Number 9781446285916 (pbk.)
040 ## - CATALOGING SOURCE
Original cataloging agency DLC
Language of cataloging eng
Description conventions rda
Transcribing agency DLC
Modifying agency DLC
042 ## - AUTHENTICATION CODE
Authentication code pcc
050 00 - LIBRARY OF CONGRESS CALL NUMBER
Classification number P94.6
Item number .L58 2015
082 00 - DEWEY DECIMAL CLASSIFICATION NUMBER
Classification number DC 302.2
Edition number 2015
Item number L74
100 1# - MAIN ENTRY--PERSONAL NAME
Personal name Liu, Shuang,
Relator term author.
245 10 - TITLE STATEMENT
Title Introducing intercultural communication :
Remainder of title global cultures and contexts /
Statement of responsibility, etc. Shuang Liu, Zala Volčič & Cindy Gallois.
250 ## - EDITION STATEMENT
Edition statement Second edition.
260 ## - PUBLICATION, DISTRIBUTION, ETC. (IMPRINT)
Place of publication, distribution, etc. London:
Name of publisher, distributor, etc. SAGE Publications Ltd.,
Date of publication, distribution, etc. c2015.
300 ## - PHYSICAL DESCRIPTION
Extent xix, 360 pages :
Other physical details illustrations ;
Dimensions 24 cm
504 ## - BIBLIOGRAPHY, ETC. NOTE
Bibliography, etc Includes bibliographical references and index.
650 #0 - SUBJECT ADDED ENTRY--TOPICAL TERM
Topical term or geographic name as entry element Intercultural communication.
700 1# - ADDED ENTRY--PERSONAL NAME
Personal name Gallois, Cynthia,
Relator term author.
700 1# - ADDED ENTRY--PERSONAL NAME
Personal name Volčič, Zala,
Relator term author.
365 ## - TRADE PRICE
Price amount 4,575.00
Currency code Php
906 ## - LOCAL DATA ELEMENT F, LDF (RLIN)
a 7
b cbc
c orignew
d 2
e epcn
f 20
g y-gencatlg
942 ## - ADDED ENTRY ELEMENTS (KOHA)
Source of classification or shelving scheme Dewey Decimal Classification
Koha item type Circulation
Holdings
Withdrawn status Lost status Source of classification or shelving scheme Damaged status Not for loan Collection code Home library Current library Shelving location Date acquired Source of acquisition Total Checkouts Full call number Barcode Date last seen Date last checked out Copy number Cost, replacement price Price effective from Koha item type
    Dewey Decimal Classification     Circulation UM Digos College - LIC UM Digos College - LIC Book Cart 10/27/2016 Purchased 18 DC 302.2 L74 2015 24425 05/15/2025 08/09/2019 1 4575.00 11/12/2016 Circulation